[Event "CCAS op"]
[Site "Cap d'Agde FRA"]
[Date "2003.10.29"]
[Round "8"]
[White "Roussel-Roozmon, Thomas"]
[Black "Brochet, Philippe"]
[Result "1-0"]
[WhiteElo "2329"]
[BlackElo "2386"]
[PlyCount "161"]
[EventDate "2003.10.23"]
[EventType "swiss"]
[EventRounds "9"]
[EventCountry "FRA"]
[Source "Mark Crowther"]
[SourceDate "2003.11.10"]

1. c4 e6 2. d4 d5 3. Nf3 Nf6 4. g3 dxc4 5. Bg2 Bb4+ 6. Bd2 Be7 7. O-O O-O 8.
Qc2 c5 9. dxc5 Qd5 10. Na3 Na6 11. Nxc4 Qxc5 12. Rac1 Nb4 13. Qb3 Nbd5 14. Nfe5
b5 15. Na5 Qb6 16. e4 Qd4 17. exd5 Qxd2 18. d6 Bxd6 19. Nec4 bxc4 20. Nxc4 Qh6
21. Bxa8 Ng4 22. h4 Bc5 23. Rc2 e5 24. Nxe5 Bxf2+ 25. Rcxf2 Nxe5 26. Bd5 Qh5
27. Qe3 Bh3 28. Rxf7 Nxf7 29. Bxf7+ Qxf7 30. Rxf7 Rxf7 31. b4 g6 32. a4 h5 33.
b5 Kg7 34. a5 Bg4 35. Qe5+ Kh7 36. Qd5 Rd7 37. Qc5 Rf7 38. Qd5 Rd7 39. Qc5 Rf7
40. Qe5 Kg8 41. Kg2 Bf3+ 42. Kf2 Bh1+ 43. Ke3 Kh7 44. Kd4 Bf3 45. Qe8 Kg7 46.
Kc5 Bg4 47. Kd6 Bf5 48. Qe3 Bg4 49. Qe8 Bf3 50. Qe5+ Kg8 51. Qc5 Bg4 52. Qb4
Bf3 53. Ke5 Kg7 54. Kd4 Bg4 55. Ke3 Bf3 56. a6 Bg4 57. Qd4+ Kh7 58. Qd5 Rd7 59.
Qc5 Rf7 60. b6 axb6 61. Qxb6 Re7+ 62. Kd3 Bf3 63. a7 Re8 64. Qb8 Rg8 65. Ke3
Ba8 66. Kf4 Bg2 67. Kg5 Ba8 68. Kf6 Bg2 69. Qc7+ Kh8 70. Kg5 Rg7 71. Qb8+ Kh7
72. a8=Q Bxa8 73. Qxa8 Rf7 74. Qd5 Rc7 75. Qe5 Rb7 76. Qc5 Rd7 77. Qc6 Rg7 78.
Qc2 Rg8 79. g4 hxg4 80. h5 Rb8 81. Qc7+ 1-0

[Event "Le Bolduc II - A"]
[Site "Montreal CAN"]
[Date "2003.09.22"]
[Round "1"]
[White "Roussel-Roozmon, Thomas"]
[Black "Berube, Richard"]
[Result "1/2-1/2"]
[WhiteElo "2369"]
[BlackElo "2370"]
[PlyCount "41"]
[EventDate "2003.09.22"]
[EventType "tourn"]
[EventRounds "10"]
[EventCountry "CAN"]

1. d4 Nf6 2. c4 g6 3. Nc3 d5 4. cxd5 Nxd5 5. e4 Nxc3 6. bxc3 c5 7. Nf3 Bg7 8.
Rb1 O-O 9. Be2 cxd4 10. cxd4 Qa5+ 11. Bd2 Qxa2 12. O-O Qe6 13. Qc2 Qd7 14. d5
b6 15. Bb5 Qd8 16. Rfc1 Ba6 17. Ba4 Nd7 18. Be3 Rc8 19. Bc6 Nb8 20. Qa4 Bd3 21.
Rb3 1/2-1/2

[Event "Le Bolduc II - A"]
[Site "Montreal CAN"]
[Date "2003.09.24"]
[Round "2"]
[White "Gilman, Arkadiy"]
[Black "Roussel-Roozmon, Thomas"]
[Result "0-1"]
[WhiteElo "2150"]
[BlackElo "2369"]
[PlyCount "80"]
[EventDate "2003.09.22"]
[EventType "tourn"]
[EventRounds "10"]
[EventCountry "CAN"]

1. d4 Nf6 2. Nf3 e6 3. Bg5 h6 4. Bh4 g5 5. Bg3 Ne4 6. Be5 f6 7. Qd3 d5 8. Bg3
Qe7 9. Nfd2 Nxg3 10. hxg3 Nc6 11. Nc3 Nb4 12. Qg6+ Qf7 13. Qxf7+ Kxf7 14. O-O-O
c5 15. e3 Bd7 16. Be2 Rc8 17. Bg4 Ke7 18. a3 Na6 19. Be2 Kf7 20. Nb5 Nc7 21.
Nxc7 Rxc7 22. Rdf1 cxd4 23. exd4 Ba4 24. c3 e5 25. dxe5 fxe5 26. f4 gxf4 27.
gxf4 e4 28. Bh5+ Ke7 29. Rh3 Rg8 30. g4 Bg7 31. Kb1 Bb5 32. Re1 Kd6 33. Nb3
Bd3+ 34. Ka1 Rxc3 35. Nc1 Rxa3+ 36. Na2 Rb3 37. Rh2 Rc8 38. g5 Bc2 39. Rxc2
Rxc2 40. Bd1 Rcxb2 0-1

[Event "Le Bolduc II - A"]
[Site "Montreal CAN"]
[Date "2003.09.29"]
[Round "3"]
[White "Roussel-Roozmon, Thomas"]
[Black "Bolduc, Steve"]
[Result "1-0"]
[WhiteElo "2369"]
[BlackElo "2322"]
[PlyCount "83"]
[EventDate "2003.09.22"]
[EventType "tourn"]
[EventRounds "10"]
[EventCountry "CAN"]

1. d4 d5 2. Nf3 Nf6 3. c4 dxc4 4. e3 e6 5. Bxc4 c5 6. O-O a6 7. dxc5 Qxd1 8.
Rxd1 Bxc5 9. Nbd2 b5 10. Be2 Bb7 11. Nb3 Bb6 12. a4 Bd5 13. Nbd4 b4 14. a5 Bc5
15. Bd2 Ne4 16. Be1 O-O 17. Ne5 f6 18. Nd3 Bxd4 19. exd4 Nc6 20. f3 Nxd4 21.
fxe4 Nxe2+ 22. Kf2 Bxe4 23. Kxe2 Bxg2 24. Nxb4 Rfb8 25. Rd6 Bd5 26. Rc1 Rb5 27.
Rc7 Be4 28. Rxe6 Bg6 29. Ree7 Re8 30. Nxa6 Rxb2+ 31. Bd2 Bh5+ 32. Ke3 Rb3+ 33.
Kf2 Rf3+ 34. Kg2 Rxe7 35. Rxe7 Rd3 36. Be1 Kf8 37. Bb4 Kg8 38. Nc5 Rd1 39. a6
Bf7 40. Rxf7 Kxf7 41. Ba5 Ra1 42. Nb7 1-0

[Event "Le Bolduc II - A"]
[Site "Montreal CAN"]
[Date "2003.10.01"]
[Round "4"]
[White "Grondin, Jean-Philippe"]
[Black "Roussel-Roozmon, Thomas"]
[Result "1-0"]
[WhiteElo "2249"]
[BlackElo "2369"]
[PlyCount "75"]
[EventDate "2003.09.22"]
[EventType "tourn"]
[EventRounds "10"]
[EventCountry "CAN"]

1. d4 Nf6 2. c4 e6 3. Nc3 Bb4 4. Nf3 b6 5. Bg5 h6 6. Bh4 Bb7 7. e3 g5 8. Bg3
Ne4 9. Nd2 Nxc3 10. bxc3 Bxc3 11. Rb1 d6 12. h4 Qf6 13. c5 e5 14. cxd6 cxd6 15.
hxg5 hxg5 16. Rxh8+ Qxh8 17. Qa4+ Ke7 18. Qa3 Bxd2+ 19. Kxd2 Nc6 20. Rc1 Rc8
21. Bb5 f6 22. Ba6 Na5 23. Bxb7 Nc4+ 24. Rxc4 Rxc4 25. Qd3 Rc7 26. Bd5 Qh1 27.
Qa3 Qb1 28. Bb3 Qe4 29. f3 Qc6 30. Qb2 Qb5 31. Qb1 Qb4+ 32. Ke2 Kd8 33. Qf5
Qb5+ 34. Kf2 Rc1 35. Qxf6+ Kc8 36. Qe6+ Kc7 37. Qe7+ Kc8 38. Be6+ 1-0

[Event "Le Bolduc II - A"]
[Site "Montreal CAN"]
[Date "2003.10.06"]
[Round "5"]
[White "Roussel-Roozmon, Thomas"]
[Black "Chabot, Roland"]
[Result "1/2-1/2"]
[WhiteElo "2369"]
[BlackElo "2257"]
[PlyCount "47"]
[EventDate "2003.09.22"]
[EventType "tourn"]
[EventRounds "10"]
[EventCountry "CAN"]

1. d4 f5 2. g3 Nf6 3. Bg2 g6 4. c4 Bg7 5. Nc3 O-O 6. Nh3 d6 7. d5 Nbd7 8. O-O
Ne5 9. b3 c5 10. Qc2 a6 11. Bd2 Rb8 12. a4 b6 13. Rae1 Ne8 14. f4 Nf7 15. e4
Nc7 16. Nf2 Bd7 17. Nd3 fxe4 18. Nxe4 Nh6 19. Bc3 Bxc3 20. Qxc3 b5 21. axb5
axb5 22. Ng5 bxc4 23. bxc4 Nf5 24. Be4 1/2-1/2

[Event "Le Bolduc II - A"]
[Site "Montreal CAN"]
[Date "2003.10.08"]
[Round "6"]
[White "Berube, Richard"]
[Black "Roussel-Roozmon, Thomas"]
[Result "1/2-1/2"]
[WhiteElo "2370"]
[BlackElo "2369"]
[PlyCount "45"]
[EventDate "2003.09.22"]
[EventType "tourn"]
[EventRounds "10"]
[EventCountry "CAN"]

1. e4 c5 2. Nf3 Nc6 3. Bb5 g6 4. Bxc6 dxc6 5. d3 Bg7 6. O-O Nf6 7. h3 Nd7 8.
Nbd2 O-O 9. a4 a5 10. Re1 Qc7 11. Nc4 b5 12. Na3 c4 13. axb5 cxd3 14. cxd3 cxb5
15. Nxb5 Qc5 16. Na3 Ba6 17. d4 Qb6 18. Qa4 Qb7 19. Qxa5 Be2 20. Qc3 Rfc8 21.
Qe3 Bxf3 22. gxf3 Ra4 23. e5 1/2-1/2

[Event "Le Bolduc II - A"]
[Site "Montreal CAN"]
[Date "2003.10.13"]
[Round "7"]
[White "Roussel-Roozmon, Thomas"]
[Black "Gilman, Arkadiy"]
[Result "1-0"]
[WhiteElo "2369"]
[BlackElo "2150"]
[PlyCount "95"]
[EventDate "2003.09.22"]
[EventType "tourn"]
[EventRounds "10"]
[EventCountry "CAN"]

1. d4 d5 2. c4 c6 3. Nf3 Nf6 4. e3 Bf5 5. Nc3 e6 6. Nh4 Be4 7. f3 Bg6 8. Qb3
Qb6 9. Nxg6 hxg6 10. Bd2 Nbd7 11. O-O-O Qxb3 12. axb3 Bd6 13. h3 e5 14. cxd5
Nxd5 15. Nxd5 cxd5 16. dxe5 Bxe5 17. Bb4 a5 18. Ba3 Nb6 19. Bb5+ Kd8 20. Kb1
Kc7 21. f4 Bf6 22. Rc1+ Kb8 23. Bd6+ Ka7 24. Rc7 Rad8 25. Ba3 Nc8 26. Rxf7 Nd6
27. Bxd6 Rxd6 28. Rd1 Kb6 29. Ba4 Rhd8 30. g4 g5 31. h4 gxf4 32. exf4 Bxh4 33.
Rxg7 d4 34. Rd3 Re6 35. Bd7 Re4 36. f5 Kc5 37. Be6 Kd6 38. g5 Ke5 39. g6 Re3
40. Rd1 d3 41. Rh7 Bf6 42. g7 Ke4 43. g8=Q Rxg8 44. Bxg8 Re2 45. Ka2 Rxb2+ 46.
Ka3 b5 47. Rd7 Rg2 48. Bd5+ 1-0

[Event "Le Bolduc II - A"]
[Site "Montreal CAN"]
[Date "2003.10.15"]
[Round "8"]
[White "Bolduc, Steve"]
[Black "Roussel-Roozmon, Thomas"]
[Result "0-1"]
[WhiteElo "2322"]
[BlackElo "2369"]
[PlyCount "136"]
[EventDate "2003.09.22"]
[EventType "tourn"]
[EventRounds "10"]
[EventCountry "CAN"]

1. d4 Nf6 2. c4 e6 3. Nc3 Bb4 4. e3 b6 5. Bd3 Bb7 6. f3 O-O 7. Nge2 d5 8. O-O
Nbd7 9. cxd5 exd5 10. a3 Be7 11. Bd2 Re8 12. Ng3 g6 13. f4 c5 14. Qf3 Bd6 15.
Rae1 a6 16. f5 Qc7 17. e4 cxd4 18. fxg6 fxg6 19. Nxd5 Bxd5 20. exd5 Rf8 21. Bh6
Ne5 22. Rxe5 Bxe5 23. Ne4 Nd7 24. Bxf8 Rxf8 25. Qh3 Rxf1+ 26. Bxf1 Nf8 27. d6
Bxd6 28. Qb3+ Kg7 29. Qd5 Bxh2+ 30. Kh1 Qe5 31. Qxe5+ Bxe5 32. Bxa6 Kf7 33.
Bc4+ Ke7 34. g3 h6 35. Kg2 Ne6 36. b4 Ng7 37. g4 Ne6 38. Kf3 Bc7 39. a4 Nd8 40.
Nd2 Kf6 41. Ke4 Nc6 42. b5 Ne5 43. Be2 d3 44. Bd1 Kg5 45. Nf3+ Nxf3 46. Bxf3 d2
47. Ke3 Bf4+ 48. Ke4 Bd6 49. Bd1 Bb4 50. Kf3 h5 51. Kg3 Bd6+ 52. Kh3 h4 53. a5
bxa5 54. b6 Bg3 55. b7 Kf6 56. b8=Q Bxb8 57. Kxh4 g5+ 58. Kh3 Ke5 59. Kg2 Ke4
60. Kf2 Kd3 61. Kf3 Bf4 62. Ba4 Kc3 63. Ke2 Kb4 64. Bd1 a4 65. Kd3 a3 66. Kc2
Be5 67. Kb1 Kc3 68. Bb3 Kd3 0-1

[Event "Le Bolduc II - A"]
[Site "Montreal CAN"]
[Date "2003.10.20"]
[Round "9"]
[White "Roussel-Roozmon, Thomas"]
[Black "Grondin, Jean-Philippe"]
[Result "1-0"]
[WhiteElo "2369"]
[BlackElo "2249"]
[PlyCount "81"]
[EventDate "2003.09.22"]
[EventType "tourn"]
[EventRounds "10"]
[EventCountry "CAN"]

1. d4 d5 2. c4 Nc6 3. cxd5 Qxd5 4. e3 e5 5. Nc3 Bb4 6. Bd2 Bxc3 7. bxc3 Nf6 8.
f3 Qd6 9. Bd3 O-O 10. Ne2 Re8 11. O-O exd4 12. cxd4 Nd5 13. e4 Ndb4 14. Bf4 Qe7
15. Bb5 a6 16. Ba4 b5 17. Bb3 Na5 18. a3 Nxb3 19. Qxb3 Nc6 20. Qc3 Bb7 21. Rfc1
Rac8 22. d5 Ne5 23. Bxe5 Qxe5 24. Qxe5 Rxe5 25. Nd4 f5 26. Nxf5 Bxd5 27. Rc5
Rxf5 28. exf5 c6 29. Kf2 Rf8 30. g4 g6 31. Re1 gxf5 32. g5 Kf7 33. h4 h6 34.
Kg3 hxg5 35. hxg5 f4+ 36. Kg4 a5 37. Re5 Kg7 38. a4 bxa4 39. Rxa5 Rf7 40. Rxa4
Kg6 41. Rxf4 1-0

[Event "Le Bolduc II - A"]
[Site "Montreal CAN"]
[Date "2003.10.16"]
[Round "10"]
[White "Chabot, Roland"]
[Black "Roussel-Roozmon, Thomas"]
[Result "0-1"]
[WhiteElo "2257"]
[BlackElo "2369"]
[PlyCount "58"]
[EventDate "2003.09.22"]
[EventType "tourn"]
[EventRounds "10"]
[EventCountry "CAN"]

1. d4 Nf6 2. c4 e6 3. Nc3 Bb4 4. e3 b6 5. Bd3 Bb7 6. Nf3 Ne4 7. O-O f5 8. d5
Bxc3 9. bxc3 Nc5 10. Ba3 Nba6 11. Re1 O-O 12. e4 fxe4 13. Bxe4 Rf4 14. Bc2 Qf6
15. Re3 Rf8 16. Qd2 e5 17. Rae1 d6 18. R1e2 Rxc4 19. Bb3 Rf4 20. c4 Bc8 21. Ne1
Qg6 22. f3 h5 23. Bb2 Nb8 24. Kh1 h4 25. Qc3 Nbd7 26. Bc2 Qh5 27. Nd3 Nxd3 28.
Bxd3 Nc5 29. Be4 h3 0-1

[Event "Villeurbanne Masters"]
[Site "Villeurbanne FRA"]
[Date "2003.09.12"]
[Round "1"]
[White "Roussel-Roozmon, Thomas"]
[Black "Thiriet, Benoit"]
[Result "1-0"]
[WhiteElo "2249"]
[BlackElo "2173"]
[PlyCount "41"]
[EventDate "2003.09.12"]
[EventType "tourn"]
[EventRounds "10"]
[EventCountry "FRA"]
[EventCategory "4"]
[Source "Mark Crowther"]
[SourceDate "2003.09.15"]

1. d4 d5 2. Nf3 e6 3. c4 c6 4. Nc3 f5 5. Bf4 Nf6 6. e3 Be7 7. Bd3 O-O 8. Qc2
Qe8 9. h3 dxc4 10. Bxc4 b5 11. Bd3 b4 12. Na4 Nd5 13. Bh2 Nb6 14. Nc5 a5 15.
Rc1 Nd5 16. Ke2 Na6 17. Nxa6 Bxa6 18. Ne5 Bb7 19. g4 Rc8 20. Qa4 f4 21. Rhf1
1-0

[Event "Villeurbanne Masters"]
[Site "Villeurbanne FRA"]
[Date "2003.09.13"]
[Round "2"]
[White "Kosten, Anthony"]
[Black "Roussel-Roozmon, Thomas"]
[Result "1/2-1/2"]
[WhiteElo "2514"]
[BlackElo "2249"]
[PlyCount "170"]
[EventDate "2003.09.12"]
[EventType "tourn"]
[EventRounds "10"]
[EventCountry "FRA"]
[EventCategory "4"]
[Source "Mark Crowther"]
[SourceDate "2003.09.15"]

1. Nf3 c5 2. c4 Nc6 3. Nc3 e5 4. e3 Nf6 5. Qc2 b6 6. b3 Bb7 7. a3 g6 8. Bb2 Bg7
9. Bd3 d5 10. cxd5 Nxd5 11. Nxd5 Qxd5 12. Bc4 Qd6 13. h4 h5 14. Ng5 Rf8 15.
O-O-O Na5 16. Bb5+ Bc6 17. Bxc6+ Nxc6 18. Ne4 Qd5 19. Nc3 Qxg2 20. Rhg1 Qf3 21.
Ne4 O-O-O 22. b4 Qf5 23. bxc5 Qe6 24. Nd6+ Kb8 25. d4 exd4 26. exd4 Bh6+ 27.
Kb1 Qd5 28. Ne4 Ne7 29. Nf6 Qf5 30. Qxf5 Nxf5 31. c6 Kc7 32. d5 Bf4 33. Rge1
Bd6 34. Re4 Bc5 35. Rd2 Be7 36. a4 Bd6 37. Bc3 a6 38. Rde2 a5 39. Kc2 Bc5 40.
Kb3 Kc8 41. Be5 Be7 42. Nh7 Rxd5 43. Nxf8 Bxf8 44. Rc4 Bd6 45. Bxd6 Nxd6 46.
Rc3 Rd4 47. Re7 Rb4+ 48. Kc2 Rxa4 49. Rd7 Nb5 50. Re3 Rc4+ 51. Kb2 Rxc6 52.
Rxf7 Nd6 53. Rf8+ Kd7 54. Kb3 b5 55. Rf6 a4+ 56. Ka2 Rc2+ 57. Kb1 Rd2 58. Kc1
Rd4 59. Rxg6 b4 60. Re5 b3 61. Ra5 Kc6 62. f4 Kb6 63. Rxd6+ Rxd6 64. Rxa4 Kb5
65. Re4 Rd3 66. Kb2 Rh3 67. Ka3 Rxh4 68. Kxb3 Kc5 69. Kc3 Kd5 70. Rd4+ Kc5 71.
Kd3 Rg4 72. Ke3 Rg8 73. Rd1 h4 74. f5 h3 75. Rh1 Rh8 76. Kf4 Kd6 77. Kg5 Ke7
78. Rh2 Rg8+ 79. Kf4 Rh8 80. Ke5 Rh5 81. Kf4 Kf6 82. Kg4 Rg5+ 83. Kxh3 Rh5+ 84.
Kg3 Rxh2 85. Kxh2 Kxf5 1/2-1/2

[Event "Villeurbanne Masters"]
[Site "Villeurbanne FRA"]
[Date "2003.09.14"]
[Round "3"]
[White "Roussel-Roozmon, Thomas"]
[Black "Carlhammar, Magnus"]
[Result "1/2-1/2"]
[WhiteElo "2249"]
[BlackElo "2279"]
[PlyCount "66"]
[EventDate "2003.09.12"]
[EventType "tourn"]
[EventRounds "10"]
[EventCountry "FRA"]
[EventCategory "4"]
[Source "Mark Crowther"]
[SourceDate "2003.09.22"]

1. d4 Nf6 2. c4 g6 3. Nc3 d5 4. cxd5 Nxd5 5. Bd2 Bg7 6. e4 Nb6 7. Be3 O-O 8.
Be2 Nc6 9. d5 Ne5 10. Bd4 c5 11. Bxc5 Nec4 12. Bxc4 Nxc4 13. Qb3 Nxb2 14. Qxb2
Qc7 15. Bb4 a5 16. Nge2 axb4 17. Qxb4 Bg4 18. f3 Bd7 19. O-O b5 20. Rab1 Qd6
21. Qxd6 exd6 22. Nxb5 Bxb5 23. Rxb5 Rxa2 24. Re1 Rc8 25. Rbb1 Rcc2 26. Rb8+
Bf8 27. Kf2 Kg7 28. Rb3 Be7 29. Ke3 Bd8 30. Nc1 Ra6 31. Ne2 Raa2 32. Nc1 Ra6
33. Ne2 Raa2 1/2-1/2

[Event "Villeurbanne Masters"]
[Site "Villeurbanne FRA"]
[Date "2003.09.15"]
[Round "4"]
[White "Roussel-Roozmon, Thomas"]
[Black "Legky, Nikolay"]
[Result "1-0"]
[WhiteElo "2249"]
[BlackElo "2482"]
[PlyCount "99"]
[EventDate "2003.09.12"]
[EventType "tourn"]
[EventRounds "10"]
[EventCountry "FRA"]
[EventCategory "4"]
[Source "Mark Crowther"]
[SourceDate "2003.09.22"]

1. e4 e6 2. d4 d5 3. Nd2 Nf6 4. Bd3 c5 5. e5 Nfd7 6. c3 Nc6 7. Ne2 Rb8 8. f4 g6
9. Nf3 b5 10. g4 h5 11. gxh5 Rxh5 12. Ng3 Rh8 13. h4 b4 14. h5 gxh5 15. f5 Rg8
16. Nxh5 bxc3 17. bxc3 cxd4 18. Qa4 Qc7 19. cxd4 Be7 20. fxe6 fxe6 21. Bd2 Nb4
22. Bh7 Qc4 23. Qb3 Rg4 24. Rc1 Qxb3 25. axb3 Ba6 26. Nf4 Nf8 27. Rc7 Rg7 28.
Ng5 Rc8 29. Nfxe6 Nxe6 30. Nxe6 Rxc7 31. Nxc7+ Kd7 32. Nxa6 Nxa6 33. Bf5+ Kc6
34. Rh6+ Kb7 35. Rh7 Rxh7 36. Bxh7 Nc7 37. Ke2 Kc6 38. Kd3 Ne6 39. Bf5 Nc7 40.
Bg4 Nb5 41. Bh5 Nc7 42. Ba5 Ne6 43. Be8+ Kb7 44. Bf7 Nf4+ 45. Ke3 Bg5 46. Kf3
Kc6 47. Kg4 Bh6 48. Bd2 Ne2 49. Bxh6 Nxd4 50. e6 1-0

[Event "Villeurbanne Masters"]
[Site "Villeurbanne FRA"]
[Date "2003.09.16"]
[Round "5"]
[White "Berube, Richard"]
[Black "Roussel-Roozmon, Thomas"]
[Result "0-1"]
[WhiteElo "2305"]
[BlackElo "2249"]
[PlyCount "126"]
[EventDate "2003.09.12"]
[EventType "tourn"]
[EventRounds "10"]
[EventCountry "FRA"]
[EventCategory "4"]
[Source "Mark Crowther"]
[SourceDate "2003.09.22"]

1. d4 Nf6 2. c4 e6 3. Nc3 Bb4 4. e3 b6 5. Bd3 Bb7 6. Nf3 Ne4 7. O-O f5 8. d5
Bxc3 9. bxc3 Nc5 10. Bc2 O-O 11. Ba3 Nba6 12. Nd4 Rf7 13. f3 g6 14. e4 f4 15.
dxe6 Nxe6 16. Qe2 Qg5 17. Rab1 Qe5 18. Rfd1 Nac5 19. Qf2 d6 20. Rd2 Kg7 21. Re1
Re8 22. Rde2 h5 23. Bc1 Kh7 24. Rd1 Rd8 25. Qh4 Rdf8 26. Bb2 Rh8 27. Ree1 Nf8
28. Nf5 Nfd7 29. Qg5 Qf6 30. Qxf6 Rxf6 31. Ne7 Ne5 32. Nd5 Rf7 33. Bc1 Ne6 34.
Nb4 Nc5 35. Nd3 Ncxd3 36. Bxd3 Ba6 37. h4 Rg8 38. Kf2 Kg7 39. Bb1 Bxc4 40. Rg1
Rgf8 41. Rh1 Rf6 42. Rh3 R8f7 43. Rhh1 a5 44. Rd4 Kf8 45. Rhd1 Ke7 46. R4d2 Kd7
47. Bc2 Rf8 48. Bb3 Kc6 49. Ba3 b5 50. Bc1 Ra8 51. Rg1 Bxb3 52. axb3 a4 53. Ra2
Rff8 54. bxa4 Rxa4 55. Rxa4 bxa4 56. Ke2 Nc4 57. Kd3 Kc5 58. g3 Ne5+ 59. Ke2
fxg3 60. Rxg3 Kc4 61. f4 Ng4 62. Rf3 Re8 63. e5 dxe5 0-1

[Event "Villeurbanne Masters"]
[Site "Villeurbanne FRA"]
[Date "2003.09.16"]
[Round "6"]
[White "Thiriet, Benoit"]
[Black "Roussel-Roozmon, Thomas"]
[Result "1-0"]
[WhiteElo "2173"]
[BlackElo "2249"]
[PlyCount "75"]
[EventDate "2003.09.12"]
[EventType "tourn"]
[EventRounds "10"]
[EventCountry "FRA"]
[EventCategory "4"]
[Source "Mark Crowther"]
[SourceDate "2003.09.22"]

1. d4 Nf6 2. Bg5 e6 3. e4 h6 4. Bxf6 Qxf6 5. c3 d6 6. Bd3 e5 7. Ne2 g6 8. O-O
Nc6 9. Bb5 a6 10. Bxc6+ bxc6 11. f4 exd4 12. Nxd4 c5 13. e5 Qd8 14. Qf3 d5 15.
Nc2 Bg7 16. Ne3 Be6 17. Nd2 Rb8 18. b3 Qd7 19. Qg3 d4 20. cxd4 cxd4 21. Nec4
O-O 22. Rac1 Rb4 23. Rfd1 Kh7 24. Qf2 f6 25. exf6 Bxf6 26. a3 Rb5 27. a4 Rf5
28. Qg3 g5 29. Ne5 Qg7 30. Nd3 Rg8 31. Rc5 Bd5 32. Qg4 Qd7 33. Rxc7 Qxc7 34.
Qxf5+ Kg7 35. Qxd5 Qc2 36. Nf2 Re8 37. Nde4 d3 38. Qxd3 1-0

[Event "Villeurbanne Masters"]
[Site "Villeurbanne FRA"]
[Date "2003.09.17"]
[Round "7"]
[White "Roussel-Roozmon, Thomas"]
[Black "Kosten, Anthony"]
[Result "1/2-1/2"]
[WhiteElo "2249"]
[BlackElo "2514"]
[PlyCount "135"]
[EventDate "2003.09.12"]
[EventType "tourn"]
[EventRounds "10"]
[EventCountry "FRA"]
[EventCategory "4"]
[Source "Mark Crowther"]
[SourceDate "2003.09.22"]

1. d4 e6 2. Nf3 c5 3. g3 cxd4 4. Nxd4 Nc6 5. Bg2 Qb6 6. Nb3 Nf6 7. O-O d5 8.
N1d2 a5 9. a4 e5 10. e4 d4 11. Nc4 Qa6 12. Na3 Bg4 13. Bf3 Bxf3 14. Qxf3 Bxa3
15. Rxa3 Nb4 16. c3 Nc2 17. Nc5 Qc6 18. Rb3 Qxc5 19. Qd3 O-O 20. Rb5 Qd6 21.
Bg5 Ng4 22. Qxc2 Qg6 23. Bd2 f5 24. exf5 Rxf5 25. cxd4 Kh8 26. Rc5 Raf8 27. Rc8
Qh5 28. h4 exd4 29. Qc5 Qf7 30. Rxf8+ Qxf8 31. Qxf8+ Rxf8 32. Bxa5 Ra8 33. Bb6
Rxa4 34. Re1 Nf6 35. Rd1 Ra6 36. Bxd4 Rd6 37. Kf1 Kg8 38. Ke2 Ng4 39. Be3 Rxd1
40. Kxd1 Kf7 41. Ke2 Ke6 42. Bd4 g6 43. f3 Nh6 44. g4 Kd5 45. Ke3 Nf7 46. Kd3
h5 47. Bg7 Nd8 48. Ke3 Ne6 49. Bc3 b5 50. gxh5 gxh5 51. f4 Nd8 52. f5 Nf7 53.
Kf4 Kd6 54. b3 Ke7 55. f6+ Ke6 56. Bb2 b4 57. Bd4 Nd8 58. Kg5 Kf7 59. Kxh5 Nc6
60. Bb2 Na5 61. Kg5 Nxb3 62. h5 Nc5 63. Kf5 Ne6 64. Be5 Nf8 65. Bd6 b3 66. Be5
Nd7 67. Bb2 Nf8 68. h6 1/2-1/2

[Event "Villeurbanne Masters"]
[Site "Villeurbanne FRA"]
[Date "2003.09.18"]
[Round "8"]
[White "Carlhammar, Magnus"]
[Black "Roussel-Roozmon, Thomas"]
[Result "1/2-1/2"]
[WhiteElo "2279"]
[BlackElo "2249"]
[PlyCount "116"]
[EventDate "2003.09.12"]
[EventType "tourn"]
[EventRounds "10"]
[EventCountry "FRA"]
[EventCategory "4"]
[Source "Mark Crowther"]
[SourceDate "2003.09.22"]

1. d4 Nf6 2. c4 e6 3. Nc3 Bb4 4. Qc2 c5 5. dxc5 O-O 6. a3 Bxc5 7. Nf3 b6 8. Bg5
h6 9. Bh4 Bb7 10. e4 Be7 11. Be2 Nh5 12. Bxe7 Qxe7 13. Qd2 Nc6 14. O-O Rfd8 15.
Rad1 d6 16. Qe3 Nf6 17. Nd4 Rac8 18. Nxc6 Bxc6 19. Rd4 Kf8 20. Rfd1 Qc7 21. f3
Qb8 22. R4d2 Rd7 23. Qf4 Rcd8 24. Bf1 Ke7 25. Qg3 Kf8 26. Qf4 Ke7 27. h4 Rg8
28. g4 g5 29. hxg5 hxg5 30. Qe3 Ba8 31. Nb5 Ne8 32. e5 d5 33. cxd5 Rxd5 34.
Rxd5 Bxd5 35. a4 f6 36. Nc3 Bb3 37. Re1 Qxe5 38. Qxe5 fxe5 39. Rxe5 Nd6 40. a5
Kf6 41. Re1 bxa5 42. Ra1 a4 43. Nxa4 Bd5 44. Be2 Rb8 45. Nc3 Rxb2 46. Rxa7 Ke5
47. Kf2 Bxf3 48. Kxf3 Rb3 49. Ra5+ Kd4 50. Rxg5 Rxc3+ 51. Kg2 Rc2 52. Kf3 Rc3+
53. Kg2 Rc2 54. Kf3 e5 55. Rg8 e4+ 56. Kf2 Rc8 57. Rxc8 Nxc8 58. Ba6 Nd6
1/2-1/2

[Event "Villeurbanne Masters"]
[Site "Villeurbanne FRA"]
[Date "2003.09.19"]
[Round "9"]
[White "Legky, Nikolay"]
[Black "Roussel-Roozmon, Thomas"]
[Result "1/2-1/2"]
[WhiteElo "2482"]
[BlackElo "2249"]
[PlyCount "67"]
[EventDate "2003.09.12"]
[EventType "tourn"]
[EventRounds "10"]
[EventCountry "FRA"]
[EventCategory "4"]
[Source "Mark Crowther"]
[SourceDate "2003.09.22"]

1. d4 Nf6 2. Nf3 e6 3. e3 b6 4. Bd3 Bb7 5. O-O c5 6. c4 d6 7. Nc3 Nbd7 8. b3
Be7 9. Bb2 cxd4 10. exd4 O-O 11. Re1 Re8 12. d5 e5 13. b4 Bf8 14. Nd2 Rc8 15.
Bf1 g6 16. a4 a6 17. a5 bxa5 18. Rxa5 Nb6 19. Qb3 Qc7 20. Ncb1 Bh6 21. Qh3 Bg7
22. Ra3 Nh5 23. g3 f5 24. Rae3 Na4 25. Ba1 Rb8 26. Be2 Nf6 27. Bd1 Bc8 28. Ra3
Nb6 29. Qf1 Nbd7 30. Bc3 e4 31. Nb3 Ne5 32. Be2 g5 33. Rd1 f4 34. c5 1/2-1/2

[Event "Villeurbanne Masters"]
[Site "Villeurbanne FRA"]
[Date "2003.09.20"]
[Round "10"]
[White "Roussel-Roozmon, Thomas"]
[Black "Berube, Richard"]
[Result "1-0"]
[WhiteElo "2249"]
[BlackElo "2305"]
[PlyCount "95"]
[EventDate "2003.09.12"]
[EventType "tourn"]
[EventRounds "10"]
[EventCountry "FRA"]
[EventCategory "4"]
[Source "Mark Crowther"]
[SourceDate "2003.09.22"]

1. d4 Nf6 2. c4 g6 3. Nc3 Bg7 4. e4 O-O 5. Be3 d6 6. f3 e5 7. d5 c6 8. Bd3 cxd5
9. cxd5 Nh5 10. Nge2 f5 11. exf5 gxf5 12. O-O Nd7 13. Kh1 a6 14. Bxf5 Rxf5 15.
g4 Rf8 16. gxh5 Qh4 17. Ne4 Nf6 18. Bg5 Qxh5 19. N2g3 Qg6 20. Bxf6 Bxf6 21.
Nxd6 Bh3 22. Rg1 Kh8 23. Nge4 Qh5 24. Rg3 Bd7 25. Nxf6 Rxf6 26. Ne4 Rf4 27. Qe2
Raf8 28. Kg2 Rh4 29. Kg1 Rhf4 30. Kg2 Rh4 31. Kg1 Rhf4 32. Re1 Bb5 33. Qg2 Rxf3
34. Rxf3 Qxf3 35. Qxf3 Rxf3 36. Nc3 Rf5 37. Nxb5 axb5 38. d6 Rf6 39. Rd1 Rf8
40. d7 Rd8 41. Kf2 Kg7 42. Ke3 Kf6 43. Ke4 Ke6 44. b4 h5 45. h4 Rxd7 46. Rxd7
Kxd7 47. Kxe5 Ke7 48. Kf5 1-0